000 00613nam a2200217Ia 4500
001 1547
003 GE_BSU
008 181216s||||||||xx |||||||||||||| ||und||
020 _a5222038092
040 _cGE_BSU
080 _a94(470)(075.8)
100 _aМоряков,А.А.
245 _aИстория России IX-начала XVIII вв.
245 _bФилологическое общество "Слово
260 _aРостов на Дону
260 _c2004
300 _a448стр.
541 _h12л.
653 _aИстория России IX-начала XVIII вв.
942 _cBK
999 _c35674
_d35674